000 00723nam a2200289Ia 4500
005 20260324134622.0
008 008 260324s9999 xx 000 0 eng d
020 _a9781315011585
037 _aEBOOK
040 _aCRL
040 _beng
040 _cCRL
041 _2eng
041 _aeng
084 _qCRL
100 _aCatherine Itzin; Jalna Hanmer
_91197504
245 0 _aHome Truths About Domestic Violence
245 0 _bFeminist Influences on Policy and Practice - A Reader
260 _bTaylor and Francis
260 _c2001
365 _a
365 _b315
856 _uhttp://www.taylorfrancis.com/books/9781315011585
942 _cEBOOK
999 _c1797778
_d1797778